[Event "Maastricht Limburg op-C 8th"]
[Site "Maastricht"]
[Date "2014.06.09"]
[Round "6"]
[White "Uiterwijk, Jos"]
[Black "Chappin, Rene"]
[Result "1-0"]
[WhiteElo "1606"]
[BlackElo "1668"]
[PlyCount "101"]
[EventDate "2014.06.06"]
[EventType "swiss"]
[EventRounds "7"]
[EventCountry "NED"]
[SourceTitle "EXT 2015"]
[Source "ChessBase"]
[SourceDate "2014.11.20"]
[SourceVersion "1"]
[SourceVersionDate "2014.11.20"]
[SourceQuality "1"]

1. e4 c6 2. d4 d5 3. exd5 cxd5 4. Nf3 Nf6 5. Be2 Nc6 6. 0-0 Bg4 7. c3 e6 8. Bg5 Be7 9. Nbd2 0-0 10. Re1 Rc8 11. h3 Bh5 12. Rc1 Nd7 13. Bxe7 Qxe7 14. Nh2 Bxe2 15. Qxe2 Nb6 16. Ng4 Nd7 17. Ne3 a6 18. Nxd5 Qd6 19. Ne3 b5 20. a3 Nb6 21. Red1 f5 22. Re1 Rf6 23. Rcd1 Rcf8 24. Nf3 Qf4 25. Nf1 Rg6 26. Qe3 Qd6 27. Ne5 Nd5 28. Qf3 Rh6 29. Nxc6 Qxc6 30. Ne3 Qd7 31. Nxd5 exd5 32. Re5 Rd6 33. Rde1 Qf7 34. Qf4 Rd7 35. R1e3 g6 36. Re2 Kg7 37. g3 h6 38. h4 Kh7 39. R2e3 Rg8 40. Re2 g5 41. hxg5 Rxg5 42. Kg2 Rb7 43. f3 Rd7 44. Re6 Ra7 45. Rd6 Re7 46. Rxe7 Qxe7 47. Qe5 Qf7 48. Qxd5 Qf8 49. Qb7+ Kh8 50. Rxa6 Rg8 51. Qc6 1-0

[Event "Maastricht Limburg op-C 8th"]
[Site "Maastricht"]
[Date "2014.06.08"]
[Round "4"]
[White "Uiterwijk, Jos"]
[Black "Van Roon, Sjoerd"]
[Result "0-1"]
[WhiteElo "1606"]
[BlackElo "1646"]
[PlyCount "64"]
[EventDate "2014.06.06"]
[EventType "swiss"]
[EventRounds "7"]
[EventCountry "NED"]
[SourceTitle "EXT 2015"]
[Source "ChessBase"]
[SourceDate "2014.11.20"]
[SourceVersion "1"]
[SourceVersionDate "2014.11.20"]
[SourceQuality "1"]

1. e4 d5 2. exd5 Qxd5 3. Nc3 Qa5 4. Nf3 Nc6 5. Bc4 Bg4 6. Bb5 0-0-0 7. Bxc6 bxc6 8. 0-0 Nf6 9. d3 e5 10. Qe2 Bd6 11. Bd2 h5 12. Ne4 Qb6 13. Nxd6+ cxd6 14. Be3 Qb7 15. h3 Bf5 16. c4 Rdg8 17. Ng5 Ne8 18. b4 f6 19. Ne4 g5 20. Qf3 Qd7 21. b5 g4 22. Qd1 gxh3 23. g3 h4 24. Kh2 c5 25. Qa4 Bxe4 26. dxe4 Qg4 27. Qa6+ Kd8 28. Rg1 Qxe4 29. Bxc5 hxg3+ 30. Rxg3 Rxg3 31. Bb6+ axb6 32. Qxb6+ Ke7 0-1

[Event "Maastricht Limburg op-C 6th"]
[Site "Maastricht"]
[Date "2012.05.28"]
[Round "6"]
[White "Uiterwijk, Jos"]
[Black "Ulburghs, Piet"]
[Result "1/2-1/2"]
[WhiteElo "1577"]
[BlackElo "1650"]
[PlyCount "106"]
[EventDate "2012.05.25"]
[EventType "swiss"]
[EventRounds "7"]
[EventCountry "NED"]
[SourceTitle "EXT 2013"]
[Source "ChessBase"]
[SourceDate "2012.11.22"]
[SourceVersion "1"]
[SourceVersionDate "2012.11.22"]
[SourceQuality "1"]

1. e4 c5 2. Nf3 e6 3. d4 cxd4 4. Nxd4 a6 5. Be2 Nc6 6. 0-0 Qc7 7. Nf3 Nf6 8. Bd3 Be7 9. Nbd2 b5 10. b3 Bb7 11. Bb2 d6 12. c4 Nb4 13. Qe2 Nxd3 14. Qxd3 Bc6 15. Nd4 d5 16. Nxc6 bxc4 17. bxc4 Qxc6 18. cxd5 exd5 19. Rac1 dxe4 20. Rxc6 exd3 21. Re1 Kd7 22. Rc3 Rhe8 23. Rxd3+ Bd6 24. Rxe8 Rxe8 25. Kf1 Re6 26. Nc4 Ne8 27. Ba3 Kc7 28. Bxd6+ Nxd6 29. Nxd6 Rxd6 30. Ke2 Rc6 31. Kd2 h5 32. Rc3 Rxc3 33. Kxc3 g5 34. h3 f5 35. f3 Kc6 36. Kc4 Kd6 37. Kd4 h4 38. a3 Ke6 39. a4 a5 40. Kc5 Ke5 41. Kb5 Kf4 42. Kxa5 Kg3 43. Kb4 Kxg2 44. a5 Kxh3 45. a6 g4 46. fxg4 fxg4 47. a7 g3 48. a8Q Kh2 49. Qb8 h3 50. Qe5 Kg2 51. Qe2+ Kg1 52. Qe3+ Kg2 53. Qe2+ Kg1 1/2-1/2

[Event "Maastricht Limburg op-C 6th"]
[Site "Maastricht"]
[Date "2012.05.26"]
[Round "3"]
[White "Hong, Jeffrey"]
[Black "Uiterwijk, Jos"]
[Result "1/2-1/2"]
[WhiteElo "1119"]
[BlackElo "1577"]
[PlyCount "63"]
[EventDate "2012.05.25"]
[EventType "swiss"]
[EventRounds "7"]
[EventCountry "NED"]
[SourceTitle "EXT 2013"]
[Source "ChessBase"]
[SourceDate "2012.11.22"]
[SourceVersion "1"]
[SourceVersionDate "2012.11.22"]
[SourceQuality "1"]

1. e4 c5 2. Nf3 a6 3. g3 Nc6 4. Bg2 b5 5. d4 cxd4 6. Nxd4 Bb7 7. Nxc6 Bxc6 8. 0-0 g6 9. Qd4 f6 10. b3 e5 11. Qd1 b4 12. a3 a5 13. a4 Rc8 14. Nd2 Bb7 15. Nc4 Ba6 16. Re1 Bxc4 17. bxc4 Bc5 18. Bh3 Bd4 19. Rb1 Rxc4 20. Rb3 Ne7 21. Rd3 Qc7 22. Re2 0-0 23. Be3 Nc6 24. Qb1 Kg7 25. Qb3 Rc3 26. Rxc3 Bxc3 27. Qd5 d6 28. Qb5 Nd4 29. Bxd4 Bxd4 30. Be6 Rb8 31. Qc4 Qxc4 32. Bxc4 1/2-1/2

[Event "Maastricht Limburg op-C 6th"]
[Site "Maastricht"]
[Date "2012.05.26"]
[Round "2"]
[White "Uiterwijk, Jos"]
[Black "Veelenturf, Wim"]
[Result "1-0"]
[WhiteElo "1577"]
[BlackElo "1690"]
[PlyCount "63"]
[EventDate "2012.05.25"]
[EventType "swiss"]
[EventRounds "7"]
[EventCountry "NED"]
[SourceTitle "EXT 2013"]
[Source "ChessBase"]
[SourceDate "2012.11.22"]
[SourceVersion "1"]
[SourceVersionDate "2012.11.22"]
[SourceQuality "1"]

1. e4 c6 2. d4 d5 3. exd5 cxd5 4. Nf3 Nc6 5. Be2 Bf5 6. c3 Nf6 7. Bg5 e6 8. Ne5 Be7 9. Qa4 Qb6 10. b4 Nd7 11. Nxd7 Kxd7 12. Bd2 a5 13. b5 Nb8 14. Be3 Rc8 15. Bd2 Ke8 16. 0-0 Kf8 17. Na3 Qd6 18. Nc2 Bxc2 19. Qxc2 Nd7 20. Qxh7 Bf6 21. g3 Ke7 22. Qd3 Nb6 23. f4 g6 24. Rfe1 Nc4 25. Bc1 Qc7 26. Bf3 Kd7 27. Bg4 Nd6 28. Bxe6+ fxe6 29. Qxg6 Rf8 30. Re3 Ne4 31. f5 Rg8 32. Qf7+ 1-0

[Event "Maastricht Limburg op-C 5th"]
[Site "Maastricht"]
[Date "2011.06.12"]
[Round "5"]
[White "Uiterwijk, Jos"]
[Black "Bauchmueller, Franz Josef"]
[Result "0-1"]
[WhiteElo "1598"]
[BlackElo "1587"]
[PlyCount "60"]
[EventDate "2011.06.10"]
[EventType "swiss"]
[EventRounds "7"]
[EventCountry "NED"]
[SourceTitle "EXT 2012"]
[Source "ChessBase"]
[SourceDate "2011.11.24"]
[SourceVersion "1"]
[SourceVersionDate "2011.11.24"]
[SourceQuality "1"]

1. e4 e5 2. Nf3 Nc6 3. d4 exd4 4. Nxd4 Bc5 5. Be3 Qf6 6. c3 Nge7 7. Bc4 Bb6 8. 0-0 Qg6 9. Nxc6 Nxc6 10. Bxb6 axb6 11. Nd2 0-0 12. f3 Ne5 13. Be2 b5 14. Kh1 c6 15. f4 Nc4 16. Bxc4 bxc4 17. f5 Qg5 18. Nxc4 d5 19. Nb6 dxe4 20. Nxa8 Bxf5 21. Nb6 Bg4 22. Qe1 Re8 23. Qg3 f5 24. h3 Qh6 25. Rfe1 Bh5 26. Qe3 f4 27. Qd4 e3 28. Nc4 Bf7 29. Nd6 Bd5 30. Nxe8 Qxh3+ 0-1

[Event "Maastricht Limburg op-C 5th"]
[Site "Maastricht"]
[Date "2011.06.12"]
[Round "4"]
[White "Van Meegen, Judith"]
[Black "Uiterwijk, Jos"]
[Result "0-1"]
[WhiteElo "1484"]
[BlackElo "1598"]
[PlyCount "76"]
[EventDate "2011.06.10"]
[EventType "swiss"]
[EventRounds "7"]
[EventCountry "NED"]
[SourceTitle "EXT 2012"]
[Source "ChessBase"]
[SourceDate "2011.11.24"]
[SourceVersion "1"]
[SourceVersionDate "2011.11.24"]
[SourceQuality "1"]

1. e4 c5 2. Nf3 g6 3. d4 cxd4 4. Nxd4 Bg7 5. Be3 Nf6 6. Nc3 0-0 7. Bc4 a6 8. f3 Nc6 9. Nb3 Ne5 10. Be2 d6 11. Qd2 Be6 12. Nd4 Bc4 13. 0-0-0 Bxe2 14. Qxe2 Rc8 15. g4 Nc4 16. Bf2 Bh6+ 17. Kb1 Bf4 18. h4 b5 19. g5 Nh5 20. Nb3 e6 21. Rhg1 Qc7 22. Rg2 Nxb2 23. Kxb2 Qxc3+ 24. Kb1 Be5 25. Bd4 Bxd4 26. Rxd4 Nf4 27. Qd2 Nxg2 28. Qxg2 Rc6 29. f4 Rfc8 30. Rd2 a5 31. Nd4 Qb4+ 32. Kc1 Rc4 33. Ne2 Rxe4 34. Qh3 Qc4 35. f5 Rxe2 36. Rxe2 Qxe2 37. Qb3 Qe1+ 38. Kb2 Qb4 0-1

[Event "Maastricht Limburg op-C 4th"]
[Site "Maastricht"]
[Date "2010.05.24"]
[Round "6"]
[White "Dijkstra, Hidde"]
[Black "Uiterwijk, Jos"]
[Result "0-1"]
[WhiteElo "1368"]
[BlackElo "1702"]
[PlyCount "82"]
[EventDate "2010.05.21"]
[EventType "swiss"]
[EventRounds "7"]
[EventCountry "NED"]
[SourceTitle "EXT 2011"]
[Source "ChessBase"]
[SourceDate "2010.11.26"]
[SourceVersion "1"]
[SourceVersionDate "2010.11.26"]
[SourceQuality "1"]

1. d4 d5 2. c4 e6 3. Nc3 Bb4 4. a3 Bxc3+ 5. bxc3 Ne7 6. Bf4 0-0 7. e3 b6 8. Nf3 Ba6 9. Qb3 Nbc6 10. Kd2 Na5 11. Qa4 Bxc4 12. Ne5 Nb3+ 13. Kd1 b5 14. Qa6 Nxa1 15. Bxc4 bxc4 16. h4 Qc8 17. Qa4 Qb7 18. Ke2 Ng6 19. Kf3 Nxe5+ 20. Bxe5 Nb3 21. g4 Nd2+ 22. Kg2 Ne4 23. Qd7 Qc8 24. Qc6 Rb8 25. g5 Rb2 26. Rf1 Rb6 27. Qa4 Nxc3 28. Qxa7 Ra6 29. Qc5 Ne4 30. Qb4 Rb6 31. Qa4 c6 32. Qd1 g6 33. Qf3 Qd8 34. Qf4 Rb7 35. f3 f6 36. gxf6 Nxf6 37. Qh6 Nh5 38. f4 Qxh4 39. f5 Rb2+ 40. Kg1 Qg4+ 41. Kh1 Qh3+ 0-1